Multivariate Statistical Analysis and Related Problems 1
Uložené v:
| Médium: | Kniha |
|---|---|
| Jazyk: | English Polish |
| Vydavateľské údaje: |
Lódz
Wydawnictwo Uniwersytetu Lódzkiego
1992
|
| Vydanie: | 1. ed. |
| Edícia: | Folia Oeconomica
123 |
| Predmet: | |
| Tagy: |
Žiadne tagy, Buďte prvý, kto otaguje tento záznam!
|
MARC
| LEADER | 00000nam a2200000 4500 | ||
|---|---|---|---|
| 001 | c014159 | ||
| 005 | 20221206083408.1 | ||
| 041 | 0 | |a eng | |
| 041 | 0 | |a pol | |
| 044 | |a PL | ||
| 245 | 1 | 0 | |a Multivariate Statistical Analysis and Related Problems 1 |
| 250 | |a 1. ed. | ||
| 264 | 1 | |a Lódz |b Wydawnictwo Uniwersytetu Lódzkiego |c 1992 | |
| 300 | |a 160 s. | ||
| 490 | 1 | |a Folia Oeconomica |v 123 | |
| 830 | 0 | |a Folia Oeconomica |v 123 | |
| 610 | 2 | 0 | |a ekonometria |
| 610 | 2 | 0 | |a analýza štatistická |
| 610 | 2 | 0 | |a modely |
| 610 | 2 | 0 | |a modely ekonometrické |
| 610 | 2 | 0 | |a metódy štatistické |
| 610 | 2 | 0 | |a korelácia |